LEADER 00972nam a2200193 4500 001 000000339165 003 CaOOAMICUS 005 20200203101207.0 008 200203s1836 it a 000 u ita r 040 $aSeMil$bita 245 00$a7: CLA-COR. 264 1$aFirenze :$bPer V. Batelli e figli,$c1836. 300 $a646 p., [2] c. di tav. ripieg. :$bill. :$c24 cm 773 0 $tDizionario delle scienze naturali nel quale si tratta metodicamente dei differenti esseri della natura, ... accompagnato da una biografia de' pił celebri naturalisti, opera utile ai medici, agli agricoltori, ai mercanti, agli artisti, ai manifattori, ....$dFirenze : Per V. Batelli e figli, 1830-1851.$g7$w()339157 850 $aSeMil 852 $aSeMil$W1$xVenegono$y1$m3XB II 7 FA$j218346$B230285$CSeMilBibl$Z2$F230285 $8I 996 $6245$a7: CLA-COR$9(OLS)http://semarc/title/427964 996 $6264$aFirenze :$bPer V. Batelli e figli$9(OLS)http://semarc/publisher/58818 LEADER 00995nam a2200229 i 4500 001 000000035964 003 CaOOAMICUS 005 20040526000000.0 008 040526s1989 it u000 u ita u 013 $a4936 040 $aSeMil$bita 245 10$aPinacoteca di Brera :$bscuole lombarda, ligure e piemontese, 1535-1796. 300 $a457 p. :$briccamente ill. 490 0 $aMusei e gallerie di Milano 500 $aContiene : Appendice ; Bibliografia. - In custodia. 650 4$aMilano - Pinacoteca di Brera - Cataloghi.$0(OLS)http://semarc/subject/6695 650 4$aPittura - Italia Settentrionale - Sec. 16.-18. - Collezioni.$0(OLS)http://semarc/subject/6696 830 0$aMusei e gallerie di Milano.$0(OLS)http://semarc/title/491 850 $aSeMil 852 $aSeMil$W1$xVenegono$y1$m5G XVI 35$j2119$B2119$CSeMilBibl$Z2$F2119 $81 961 $aOmaggio: Donazione 996 $6245$aPinacoteca di Brera :$bscuole lombarda, ligure e piemontese, 1535-1796$9(OLS)http://semarc/title/49509